Dos estudios /

Kaydedildi:
Detaylı Bibliyografya
Yazar: Vera, Gabriel
Diğer Yazarlar: Núñez, Francisco, Vera, Oscar
Materyal Türü: Bilinmiyor
Baskı/Yayın Bilgisi: México, D.F.: CENIET
Konular:
Etiketler: Etiketle
Etiket eklenmemiş, İlk siz ekleyin!

MARC

LEADER 00000 a2200000 04500
001 18183
003
008 991231s d
040
020 |a 968-813-007-9  
022 |a 968-813-007-9  
090 |a 017302  
100 |a Vera, Gabriel  
245 |a Dos estudios /  |c Gabriel Vera 
260 |a México, D.F.:   |b CENIET  
300 |a 67 p.  
650 |a ENCUESTAS DE HOGARES  
650 |a DISTRIBUCION DEL INGRESO  
650 |a PRODUCCION  
650 |a INGRESOS DE HOGARES  
650 |a ESCOLARIDAD  
650 |a JEFE DE FAMILIA  
650 |a POBREZA  
650 |a DISTRIBUCION DEL INGRESO  
650 |a PRODUCCION  
650 |a TAMAÑO DE LA FAMILIA  
700 |a Núñez, Francisco  
700 |a Vera, Oscar  
999 |c 10405  |d 10405